[Event "57th URS-ch"]
[Site "Leningrad URS"]
[Date "1990.??.??"]
[Round "?"]
[White "Smirin, Ilia"]
[Black "Eingorn, Vyacheslav"]
[Result "0-1"]
[WhiteElo "2555"]
[BlackElo "2550"]
[EventDate "1990.10.18"]
[PlyCount "132"]

1.e4 e6 2.d4 d5 3.Nc3 Bb4 4.e5 Ne7 5.a3 Bxc3+ 6.bxc3 c5 7.Qg4 Kf8 8.a4 ( 
8.dxc5 ) 8...b6 ( 8...Qc7 ) 9.Nf3 ( 9.Ba3 Ba6 10.dxc5 Bxf1 11.Kxf1 Nd7 12.
cxb6 Nxe5 ) 9...Ba6 10.Bd3 Bxd3 ( 10...h6 11.dxc5 Bxd3 12.cxd3 ) 11.cxd3 
Nd7 12.Ba3 Kg8 13.O-O h6 14.a5 ( 14.c4 Kh7 15.dxc5 ) 14...Kh7 15.dxc5 ( 
15.axb6 axb6 ) ( 15.c4 ) 15...bxc5 16.d4 ( 16.Qf4 Ng6 17.Qxf7 Rf8 18.Qxe6 
Rxf3 ) ( 16.Qa4 ) 16...Re8 17.a6 Qc8 18.Qf4 ( 18.Rfb1 Rb8 ) 18...Ng6 19.
Qd2 ( 19.Qxf7 Re7 ) 19...cxd4 20.cxd4 Qxa6 21.Bc5 ( 21.h4 Qb7 22.Rfb1 ) 
21...Qb7 ( 21...Qc6 22.Bxa7 Rec8 23.Rac1 ) 22.Rfb1 Qc6 ( 22...Nb6 23.Qd3 )
23.Bxa7 Rec8 24.Ra5 ( 24.Rc1 Rxa7 ) 24...Qc3 ( 24...Rc7 25.Rba1 ( 25.Bc5 
Rxa5 26.Qxa5 Nxc5 27.Rc1 Nb3 28.Rxc6 Rxc6 29.Qa3 Rc1+ 30.Qxc1 Nxc1 ) 25...
Qc3 ) 25.Qxc3 Rxc3 26.h3 ( 26.h4 ) 26...Rc7 27.Rba1 Nf4 ( 27...Rac8 28.g3 
Ne7 ( 28...Rc2 29.Rb5 ) ( 28...Kg8 ) 29.Bc5 Nxc5 30.dxc5 Rxc5 31.Rxc5 Rxc5
32.Ra7 ) 28.Bc5 Rxa5 29.Rxa5 Nxc5 30.Rxc5 Rb7 31.Rc2 ( 31.h4 ) 31...g5 32.
Kh2 Rb3 33.Ra2 Kg6 34.Rc2 Rd3 35.Ra2 Rc3 ( 35...h5 ) 36.Rb2 Kg7 37.Ra2 Ng6
38.Rd2 Ne7 39.Ng1 Nf5 40.Ne2 Ra3 41.g3 h5 42.Kg2 Kh6 43.Kh2 h4 44.Kg2 ( 
44.g4 Ne7 ) 44...hxg3 45.fxg3 Kg6 46.Rb2 ( 46.Kh2 Ne3 ) 46...Ne3+ 47.Kg1 
Ra1+ 48.Kh2 Rd1 ( 48...Kf5 49.Nc3 ) 49.g4 Rd3 50.Ra2 Kg7 51.Ng3 ( 51.Kg1 )
( 51.Rb2 ) 51...Rxd4 52.Nh5+ Kg6 53.Ra8 Rxg4 54.hxg4 Nxg4+ 55.Kg3 Kxh5 56.
Rh8+ Nh6 57.Kf3 Kg6 58.Ke3 Nf5+ 59.Kf3 Nh6 60.Ke3 Kg7 61.Ra8 Nf5+ 62.Kd3 (
62.Kf3 Nd4+ 63.Kg4 Nc6 ) 62...Ne7 63.Ra1 ( 63.Ra6 ) 63...Nc6 64.Re1 Kg6 
65.Re3 g4 66.Re2 Kg5 0-1

[Event "57th URS-ch"]
[Site "Leningrad URS"]
[Date "1990.??.??"]
[Round "?"]
[White "Vyzhmanavin, Alexei"]
[Black "Novikov, Igor"]
[Result "1-0"]
[WhiteElo "2585"]
[BlackElo "2575"]
[EventDate "1990.10.18"]
[PlyCount "65"]

1.d4 d5 2.c4 e6 3.Nc3 Nf6 4.Nf3 c6 5.e3 Nbd7 6.Qc2 Bd6 7.Be2 dxc4 8.Bxc4 
a6 9.O-O O-O 10.Bd2 c5 11.a4 Qc7 12.Qd3 cxd4 ( 12...b6 13.d5 exd5 14.Nxd5 
Nxd5 15.Bxd5 Rb8 16.Bc3 Ne5 ) 13.exd4 b6 14.Rac1 Bb7 15.Bb3 Rac8 16.Rfe1 (
16.Nb5 Qb8 17.Nxd6 Qxd6 ) 16...Qb8 17.h3 Rfd8 18.Qe2 Nf8 ( 18...h6 ) 19.
Bg5 Bf4 ( 19...N8d7 ) 20.Bxf6 gxf6 21.Rcd1 Ng6 ( 21...Bd5 22.Bxd5 exd5 23.
Nh4 ) 22.d5 e5 ( 22...exd5 23.Nxd5 ) 23.g3 Bh6 24.Nh2 Bg7 ( 24...f5 25.Qh5
) 25.Qh5 Rc7 26.Ng4 Bc8 27.Ne4 Bxg4 ( 27...f5 28.d6 Ra7 29.Nef6+ Bxf6 30.
Nxf6+ Kg7 31.Qg5 Be6 32.Nh5+ Kg8 33.Qf6 ) 28.hxg4 Qc8 29.d6 Ra7 30.Kg2 Nf8
31.Rh1 h6 ( 31...Qd7 32.g5 ) 32.Rc1 Qd7 33.Rc7 ( 33.Rc7 Rxc7 34.Qxf7+ Qxf7
35.dxc7 Qxb3 ( 35...Ra8 36.Bxf7+ Kxf7 37.Nd6+ ) 36.cxd8=Q ) 1-0